000 00401nam a2200169Ia 4500
100 _aBarnett/Richard/ Cox
650 _aC Programming
942 _cBK
366 _f20
654 _aembedded c programming
245 _aEmbedded C programming and the microchip PIC
260 _bThomson Learning
_aMumbai
_c2006
082 _a003.3/BAR
_bBAR
300 _a498
546 _aENGLISH
999 _c25986
_d25986